01010nam a22002777a 4500999001900000005001700019010001500036020002600051035001400077037001300091082001200104245011100116260004300227270010800270300002100378500002400399700001700423700001700440700002100457700002000478700002500498700002800523700003100551942002600582952012400608 c169514d16951420191122111739.0 aENG-126977 a9789389146738c680.00 aEN-110509 bDBAD/PUB a336.954 aInternational conference on tax performance of central government in India /ced.by Mercy Henry ...[et al] aTamil NadubShanlax Publicationsc2019 a61, 66 T.P.K. Main RoadbVasanta Nagar, Maduraie625003k0452-4208765mpublisher@shanlaxpublication.com a359p.c24cm(pbk) aIncludes references aHenry, Mercy aAsma, L.Noor aA.Shunmuga Priya aJothi, R. Aruna aRahmath Ameena Begum aBellinta, A. Nesa Agnes aJeyaseli, Hepzibah Vinsyah 2ddccENh336.954mINT 001040708NFICaBL4bBL4d2019-11-22eDBAD/PUBg680.00l0o336.954 INTpEN-110509r2019-11-22 00:00:00t1v680.00yEN